Instagram Follower der Bundesligavereine 2021/22 - Statistiken

Allgemein
  • Dieses Quiz wurde 245 mal gespielt
  • Das Durchschnittsergebnis liegt bei 10 aus 18
Antwortstatistiken
Follower Antwort % Korrekt
32.500.000 Bayern München
100%
16.100.000 Borussia Dortmund
99%
1.900.000 Bayer 04 Leverkusen
81%
1.400.000 RB Leipzig
76%
776.000 Eintracht Frankfurt
64%
35.400 SpVgg Greuther Fürth
50%
448.000 1. FC Köln
49%
108.000 VfL Bochum
43%
634.000 VfL Wolfsburg
43%
745.000 Borussia Mönchengladbach
42%
127.000 Arminia Bielefeld
41%
208.000 SC Freiburg
41%
371.000 VfB Stuttgart
41%
231.000 Hertha BSC Berlin
40%
179.000 1. FSV Mainz 05
39%
380.000 TSG 1899 Hoffenheim
39%
193.000 FC Augsburg
37%
168.000 1. FC Union Berlin
36%
Keine übereinstimmenden Quizze gefunden
Verteilung der Resultate
Anzahl Personen mit jedem Resultat
Perzentil nach korrekt beantworteten Fragen
Ihre Resultats-Entwicklung
Sie haben dieses Quiz noch nicht gespielt